| 000 | 00849cam a2200277 4500 | ||
|---|---|---|---|
| 999 |
_c528075 _d528075 |
||
| 001 | 3602424 | ||
| 003 | NUST | ||
| 005 | 20190827114350.0 | ||
| 008 | 710630s1970 ii a b 000 0 eng | ||
| 010 | _a 70915470 | ||
| 038 | _aM.Ramzan | ||
| 040 |
_aDLC _cDLC _dDLC |
||
| 043 | _aa-ii--- | ||
| 050 | 0 | 0 |
_aTF858.I4 _bN36 |
| 082 | 0 | 0 |
_a338.43 _bNCA |
| 110 | 2 |
_aNational Council of Applied Economic Research. _919612 |
|
| 245 | 1 | 0 | _aEconomics of diesel and electric traction. |
| 260 |
_aNew Delhi _c[1970] |
||
| 300 |
_avii, 115 p. _billus. _c24 cm. |
||
| 350 |
_aRs16.00 _a($2.75 U.S.) |
||
| 504 | _aIncludes bibliographical references. | ||
| 650 | 0 |
_aRailroads _zIndia _xElectrification _xCosts. _919613 |
|
| 650 | 0 |
_aRailroads _xDieselization _zIndia _xCosts. _919614 |
|
| 906 |
_a7 _bcbc _corignew _d2 _encip _f19 _gy-gencatlg |
||
| 942 |
_2ddc _cBK |
||